| 000 | 00553nam a2200205Ia 4500 | ||
|---|---|---|---|
| 003 | OSt | ||
| 005 | 20240507092146.0 | ||
| 008 | 210210b2003 xxu||||| |||| 00| 0 eng d | ||
| 040 | _cAL | ||
| 041 | _aKannada | ||
| 082 | _a891.46301 DIMA | ||
| 100 |
_aDIMELLO (Emmi). _dಡಿಮೆಲ್ಲೋ (ಎಮ್ಮಿ) _9163414 |
||
| 245 |
_aAlen. _b ಅಲೆನ್ |
||
| 260 |
_aManglur _bAlbina Prakashan _c2003 |
||
| 300 | _a60 | ||
| 650 |
_aKonkani short stories _9163415 |
||
| 690 |
_aKonkani Fiction _9163416 |
||
| 906 | _a059702 | ||
| 942 |
_2ddc _cBK |
||
| 999 |
_c106765 _d106765 |
||